| 000 | 00846cam a22002651 4500 | ||
|---|---|---|---|
| 001 | sa 67003474 | ||
| 003 | DLC | ||
| 005 | 20260227112338.0 | ||
| 008 | 720707s1966 ii ab b 000 0 eng | ||
| 010 | _asa 67003474 | ||
| 025 | _aPL480:I-E-7855 | ||
| 035 | _a(OCoLC)350552 | ||
| 040 |
_aDLC _cOClU _dOCoLC _dDLC |
||
| 042 | _apremarc | ||
| 050 | 0 | 0 |
_aHC440.I5 _bC4 |
| 082 | _a339.3/54 | ||
| 100 | 1 | _aChaudhry, Mahinder D. | |
| 245 | 1 | 0 |
_aRegional income accounting in an underdeveloped economy; _ba case study of India, _cby Mahinder D. Chaudhry. Foreword by Bert F. Hoselitz. |
| 250 | _a[1st ed.] | ||
| 260 |
_aCalcutta, _bFirma K.L. Mukhopadhyay, _c1966. |
||
| 300 |
_axiv, 144 p. _billus., maps. _c26 cm. |
||
| 504 | _aBibliography: p. [139]-144. | ||
| 650 | 0 |
_aIncome _zIndia _xStates. |
|
| 650 | 0 |
_aNational income _zIndia _xAccounting. |
|
| 999 |
_c73861 _d73861 |
||